El vascófilo franciscano R. P. Fr. Juan Mateo de Zabala (Record no. 136020)
[ view plain ]
| 000 -LEADER | |
|---|---|
| campo de control de longitud fija | 00917nam a2200205 i 4500 |
| 001 - NÚMERO DE CONTROL | |
| campo de control | 136020 |
| 003 - IDENTIFICADOR DE NÚMERO DE CONTROL | |
| campo de control | ES-MaACL |
| 005 - FECHA Y HORA DE LA ÚLTIMA TRANSACCIÓN | |
| campo de control | 20230906195021.0 |
| 007 - CAMPO FIJO DE DESCRIPCIÓN FÍSICA--INFORMACIÓN GENERAL | |
| campo de control de longitud fija | t| |
| 008 - DATOS DE LONGITUD FIJA--INFORMACIÓN GENERAL | |
| campo de control de longitud fija | 070214s1927 sp r ||||1| spa d |
| 100 1# - ENTRADA PRINCIPAL--NOMBRE DE PERSONA | |
| Nombre de persona | Ruiz de Larrinaga, Juan. |
| 9 (RLIN) | 100758 |
| 245 13 - MENCIÓN DEL TÍTULO | |
| Título | El vascófilo franciscano R. P. Fr. Juan Mateo de Zabala |
| Resto del título | : estudio bio-bibliográfico / |
| Mención de responsabilidad, etc. | por Fr. Juan Ruiz de Larrinaga ; con un apéndice de Luis de Lezama-Legizamón. |
| 260 ## - PUBLICACIÓN, DISTRIBUCIÓN, ETC. | |
| Lugar de publicación, distribución, etc. | San Sebastián : |
| Nombre del editor, distribuidor, etc. | Junta de Cultura de la Diputación Provincial de Vizcaya, |
| Fecha de publicación, distribución, etc. | 1927. |
| 300 ## - DESCRIPCIÓN FÍSICA | |
| Extensión | 88 p. ; |
| Dimensiones | 25 x 17 cm. |
| 500 ## - NOTA GENERAL | |
| Nota general | Es tirada aparte de la Revista Internacional de los Estudios Vascos. Año 18. Tomo XV. números 1 y 2. Enero-Marzo y Abril-Junio 1924. |
| 600 14 - PUNTO DE ACCESO ADICIONAL DE MATERIA--NOMBRE DE PERSONA | |
| Nombre de persona | Zabala, Juan Mateo. |
| 9 (RLIN) | 159898 |
| 700 1# - ENTRADA AGREGADA--NOMBRE PERSONAL | |
| Nombre de persona | Lezama-Legizamón, Luis de. |
| 9 (RLIN) | 72116 |
| 710 1# - ENTRADA AGREGADA--NOMBRE DE ENTIDAD CORPORATIVA | |
| Nombre de entidad corporativa o nombre de jurisdicción como elemento de entrada | Vizcaya (Provincia). |
| Unidad subordinada | Diputación Provincial. |
| 9 (RLIN) | 7563 |
| 852 ## - LOCALIZACIÓN | |
| Ubicación | ES-MaACL |
| Número de control de estantería | F-4368 |
| Estatus retirado | Estado de pérdida | Estado de daño | No para préstamo | Biblioteca de origen | Biblioteca actual | Ubicación en estantería | Fecha de adquisición | Fuente de adquisición | Total de préstamos | Signatura topográfica completa | Código de barras | Visto por última vez | Precio de reemplazo | Tipo de ítem Koha |
|---|---|---|---|---|---|---|---|---|---|---|---|---|---|---|
| Biblioteca del Ateneo de Madrid | Biblioteca del Ateneo de Madrid | Depósito 2 | 17/01/2008 | F-4368 | 1141567 | 23/02/2023 | 23/02/2023 | Libro impreso |
